Statistics for Top 5 Biggest 4-Letter Capitals

Click here to take the quiz!

General Stats

  • This quiz has been taken 72 times
  • The average score is 3 of 5

Answer Stats

#Big 4-letter capital% Correct
2Rome
85%
1Lima
80%
3Kiev
55%
5Doha
44%
4Baku
38%

Score Distribution

Percentile by Number Answered

Percent of People with Each Score

Your Score History

You have not taken this quiz